00449nam a2200193Ia 4500003000900000008004100009040001300050040001300063041000800076100001800084245007000102250001100172260001000183260000900193300001100202300001000213490002600223490000600249IT-RoPAU120407s9999 xx 000 0 und d aIT-RoPAU cIT-RoPAU aita aGustave Thils a"Cristianesimo senza religione? Trad. dal Franc. di V. De Luise." aTorino aBorla c1968 a193 p. c21 cm aLe idee e la vita, 45 v1